| 000 | 00597nam a22002177a 4500 | ||
|---|---|---|---|
| 003 | OSt | ||
| 005 | 20140310181658.0 | ||
| 008 | 130725t xxu||||| |||| 00| 0 eng d | ||
| 020 | _a0439177065 | ||
| 050 | 0 | 0 |
_aPZ 7 _b.D131 2000 |
| 082 | 0 | 0 |
_aKF D13e _b2000 |
| 100 | 1 |
_aDahl, Roald. _93827 |
|
| 245 | 1 | 0 |
_aEsio Trot / _cRoald Dahl; illustrations by Quentin Blake. |
| 260 |
_aNew York : _bScholastic Inc, _c2000. |
||
| 300 |
_a62 p. : _bill. ; _c20 cm. |
||
| 541 | _j1 | ||
| 562 | _e1 | ||
| 650 |
_aSchools _xFiction _93960 |
||
| 650 |
_aHumorous stories. _93831 |
||
| 942 |
_2lcc _cBK-KF _kKF |
||
| 999 |
_c1139 _d1139 |
||